000 00406nam a2200145 4500
008 191024s2016||||xo d
100 1 _aBoroš Mário
_91417
245 1 0 _aMaturita z matematiky
_bPríprava na príjimacie skúšky na vysokú školu
250 _a1.vydanie
260 _bPríroda
_aBratislava
_c2016
300 _a192s.
020 _a9788055148892
_c12,26
041 1 _aslo
044 _axo
_cSK
999 _c22774
_d22774